[Event "ESP-ch U18"]
[Site "Granada"]
[Date "2016.07.29"]
[Round "7"]
[White "Rodriguez Mellado, Antonio"]
[Black "Balbuena Fuentes, Mario"]
[Result "1-0"]
[WhiteElo "2056"]
[BlackElo "2196"]
[PlyCount "127"]
[EventDate "2016.07.25"]
[EventType "swiss"]
[EventRounds "9"]
[EventCountry "ESP"]
[SourceTitle "EXT 2024"]
[Source "ChessBase"]
[SourceDate "2023.10.10"]
[SourceVersion "1"]
[SourceVersionDate "2023.10.10"]
[SourceQuality "1"]

1. e4 e6 2. d4 d5 3. exd5 exd5 4. Nf3 Nc6 5. c3 Bd6 6. Bg5 Nge7 7. Bd3 Bg4 8. Nbd2 Qd7 9. h3 Bh5 10. Qe2 f6 11. Bh4 0-0-0 12. 0-0-0 Rde8 13. Qf1 Ng6 14. g4 Nxh4 15. Nxh4 Bf7 16. Qg2 Ne7 17. Qf3 Qa4 18. Kb1 Kb8 19. Rde1 Ng6 20. Nf5 Bf4 21. Nb3 Rxe1+ 22. Rxe1 Re8 23. Re2 Bg5 24. Nxg7 Nh4 25. Qxd5 Bxd5 26. Rxe8+ Qxe8 27. Nxe8 Bg2 28. Nc5 Kc8 29. Ne4 Bxh3 30. N8xf6 h6 31. Nxg5 hxg5 32. Be4 c6 33. Kc2 Kd8 34. Nh7 Bxg4 35. Nxg5 Ke7 36. f3 Bd7 37. f4 Kf6 38. Kd3 Bf5 39. Ke3 Ng6 40. Nf3 Ne7 41. Bxf5 Kxf5 42. Nh4+ Kg4 43. Ng2 Kg3 44. Ne1 Nd5+ 45. Ke4 Nxf4 46. Nd3 Nd5 47. Nc5 b6 48. Nd3 Ne7 49. c4 Nc8 50. d5 cxd5+ 51. Kxd5 Kf3 52. Kd4 Ke2 53. b4 Kd2 54. b5 Kc2 55. Nb4+ Kb2 56. c5 bxc5+ 57. Kxc5 Nb6 58. Nc6 Na4+ 59. Kb4 Nb6 60. a4 Nd5+ 61. Kc5 Nc3 62. a5 Ne4+ 63. Kd5 Nc3+ 64. Kc4 1-0

[Event "ESP-ch U18"]
[Site "Granada"]
[Date "2016.07.26"]
[Round "3"]
[White "Rodriguez Mellado, Antonio"]
[Black "Plazuelo Pascual, Juan"]
[Result "1/2-1/2"]
[WhiteElo "2056"]
[BlackElo "2228"]
[PlyCount "79"]
[EventDate "2016.07.25"]
[EventType "swiss"]
[EventRounds "9"]
[EventCountry "ESP"]
[SourceTitle "EXT 2024"]
[Source "ChessBase"]
[SourceDate "2023.10.10"]
[SourceVersion "1"]
[SourceVersionDate "2023.10.10"]
[SourceQuality "1"]

1. e4 e6 2. d3 d5 3. Nd2 Nf6 4. Ngf3 b6 5. c3 Be7 6. Be2 0-0 7. 0-0 c5 8. Re1 Bb7 9. e5 Nfd7 10. d4 Ba6 11. Nf1 Bxe2 12. Rxe2 Nc6 13. Be3 b5 14. Ne1 Rb8 15. f4 b4 16. Ng3 Qa5 17. cxb4 Qxb4 18. dxc5 Bxc5 19. Bxc5 Nxc5 20. Rc1 Rfc8 21. Rec2 Ne7 22. Kh1 a5 23. Qf3 Nd7 24. Rxc8+ Rxc8 25. Rxc8+ Nxc8 26. Qc3 Qxc3 27. bxc3 Nc5 28. Kg1 Nb6 29. Kf2 Nba4 30. c4 dxc4 31. Ke3 Nd7 32. Kd4 Ndb6 33. Ne4 Nb2 34. Kc5 Nd5 35. g3 Kf8 36. Nc2 c3 37. a3 Ke7 38. Kb5 a4 39. Nc5 Nc7+ 40. Kb4 1/2-1/2

[Event "ESP-ch U18"]
[Site "Granada"]
[Date "2016.07.25"]
[Round "2"]
[White "Nieves Cabanes, Jose Manuel"]
[Black "Rodriguez Mellado, Antonio"]
[Result "0-1"]
[WhiteElo "2215"]
[BlackElo "2056"]
[PlyCount "86"]
[EventDate "2016.07.25"]
[EventType "swiss"]
[EventRounds "9"]
[EventCountry "ESP"]
[SourceTitle "EXT 2024"]
[Source "ChessBase"]
[SourceDate "2023.10.10"]
[SourceVersion "1"]
[SourceVersionDate "2023.10.10"]
[SourceQuality "1"]

1. d4 Nf6 2. c4 c5 3. d5 b5 4. cxb5 a6 5. bxa6 g6 6. Nc3 Bg7 7. e4 0-0 8. Nf3 Qa5 9. a7 Qxa7 10. Be2 Ba6 11. 0-0 d6 12. a4 Nbd7 13. Bd2 Bxe2 14. Qxe2 Rfb8 15. Nb5 Qb7 16. Bc3 Ne8 17. h4 Ndf6 18. Rfd1 Nc7 19. Nxc7 Qxc7 20. e5 Ng4 21. e6 Ne5 22. Nxe5 Bxe5 23. exf7+ Kxf7 24. Bxe5 dxe5 25. Ra3 Rb4 26. d6 Qc6 27. Qxe5 Re4 28. Qg3 exd6 29. Rxd6 Qb7 30. Rb3 Qe7 31. Rdb6 Ra7 32. Qf3+ Kg7 33. g3 Rd7 34. a5 c4 35. R3b5 Rd3 36. Qg2 Rd1+ 37. Kh2 Rxh4+ 38. gxh4 Qxh4+ 39. Qh3 Qxf2+ 40. Qg2 Qh4+ 41. Qh3 Rd2+ 42. Kg1 Qe1+ 43. Qf1 Qg3+ 0-1

[Event "Canarias-ch U18"]
[Site "Vecindario"]
[Date "2016.05.30"]
[Round "6.1"]
[White "Rodriguez Mellado, Antonio"]
[Black "Fernandez Arce, Aketza"]
[Result "1/2-1/2"]
[WhiteElo "2035"]
[BlackElo "1539"]
[PlyCount "31"]
[EventDate "2016.05.27"]
[EventType "swiss"]
[EventRounds "6"]
[EventCountry "ESP"]
[SourceTitle "EXT 2024"]
[Source "ChessBase"]
[SourceDate "2023.10.10"]
[SourceVersion "1"]
[SourceVersionDate "2023.10.10"]
[SourceQuality "1"]

1. e4 d5 2. exd5 Qxd5 3. Nf3 Nf6 4. d4 g6 5. c4 Qd6 6. Nc3 Bg7 7. g3 0-0 8. Bg2 c6 9. 0-0 Bg4 10. Bf4 Qd7 11. Qd2 Bxf3 12. Bxf3 Rd8 13. Rad1 Na6 14. Rfe1 Rac8 15. Bg5 Qf5 16. Bg2 1/2-1/2

[Event "Canarias-ch U18"]
[Site "Vecindario"]
[Date "2016.05.28"]
[Round "2.2"]
[White "Rodriguez Mellado, Antonio"]
[Black "Perez Perez, Gabriel"]
[Result "1/2-1/2"]
[WhiteElo "2035"]
[BlackElo "1809"]
[PlyCount "66"]
[EventDate "2016.05.27"]
[EventType "swiss"]
[EventRounds "6"]
[EventCountry "ESP"]
[SourceTitle "EXT 2024"]
[Source "ChessBase"]
[SourceDate "2023.10.10"]
[SourceVersion "1"]
[SourceVersionDate "2023.10.10"]
[SourceQuality "1"]

1. e4 c5 2. c3 Nf6 3. Bd3 Nc6 4. Bc2 d5 5. exd5 Qxd5 6. Qf3 e6 7. d3 Bd6 8. Nd2 Qxf3 9. Ngxf3 0-0 10. Nc4 Bc7 11. h3 b6 12. Bg5 Nd5 13. 0-0-0 h6 14. Bd2 Bb7 15. a3 Rfd8 16. d4 cxd4 17. cxd4 Nf4 18. Bxf4 Bxf4+ 19. Kb1 Rac8 20. Rhe1 Nxd4 21. Nxd4 Rxc4 22. Nxe6 Rxd1+ 23. Rxd1 fxe6 24. Rd8+ Kf7 25. Rd7+ Kf6 26. Rxb7 Rc7 27. Rxc7 Bxc7 28. Bb3 Be5 29. Kc2 Bd4 30. f3 Kf5 31. Bc4 Kf4 32. b4 Kg3 33. Bxe6 Kxg2 1/2-1/2

[Event "Las Palmas Insular-chT Pref-B"]
[Site "Las Palmas"]
[Date "2015.11.14"]
[Round "3.1"]
[White "Rodriguez Mellado, Antonio"]
[Black "Arana Herrera, Antonio"]
[Result "1-0"]
[WhiteElo "2013"]
[BlackElo "1869"]
[PlyCount "103"]
[EventDate "2015.10.17"]
[EventType "team-tourn"]
[EventRounds "14"]
[EventCountry "ESP"]
[SourceTitle "CBM 170 Extra"]
[Source "ChessBase"]
[SourceDate "2016.02.25"]
[SourceVersion "1"]
[SourceVersionDate "2016.02.25"]
[SourceQuality "1"]
[WhiteTeam "Hotel Avda de Canarias II"]
[BlackTeam "Telde Los Llanos"]
[WhiteTeamCountry "ESP"]
[BlackTeamCountry "ESP"]

1. e4 d6 2. d4 Nf6 3. Nc3 g6 4. g3 Bg7 5. Bg2 0-0 6. Nf3 c6 7. 0-0 Nbd7 8. Bf4 Qc7 9. e5 Nd5 10. Nxd5 cxd5 11. exd6 exd6 12. c3 Nb6 13. Nd2 Be6 14. Qb3 Rfe8 15. Rfe1 Bf6 16. h4 Kg7 17. Nf3 h6 18. Re2 Qd8 19. Rae1 g5 20. hxg5 hxg5 21. Bc1 Rh8 22. Qc2 Bg4 23. b3 Qd7 24. Qd3 Rh5 25. Nh2 Bf5 26. Qd1 Rah8 27. Nf1 Bh3 28. f3 Bxg2 29. Rxg2 Rh1+ 30. Kf2 Qc6 31. Bd2 Qb5 32. Be3 Nc8 33. g4 Ne7 34. Ng3 Rxe1 35. Qxe1 Kf8 36. Nh5 Ng8 37. Qd2 Qe8 38. Ke2 Qd8 39. Kd1 Be7 40. Kc2 a5 41. Qd3 Qd7 42. Bd2 Rh6 43. Ng3 Rh3 44. Nf5 Bd8 45. Rf2 Nh6 46. Qf1 Nxf5 47. Qxh3 Nh4 48. f4 gxf4 49. Bxf4 Qe6 50. Qe3 Qg6+ 51. Kb2 a4 52. Bh6+ 1-0

[Event "Canarias-ch U16"]
[Site "San Bartolome de Tirajana"]
[Date "2015.04.12"]
[Round "7"]
[White "Badiola Morera, Gorka"]
[Black "Rodriguez Mellado, Antonio"]
[Result "0-1"]
[WhiteElo "1450"]
[BlackElo "1953"]
[PlyCount "86"]
[EventDate "2015.04.10"]
[EventType "swiss"]
[EventRounds "7"]
[EventCountry "ESP"]
[SourceTitle "EXT 2024"]
[Source "ChessBase"]
[SourceDate "2023.10.10"]
[SourceVersion "1"]
[SourceVersionDate "2023.10.10"]
[SourceQuality "1"]

1. e4 d5 2. exd5 Qxd5 3. Nf3 Nf6 4. d4 g6 5. c4 Qd6 6. Nc3 a6 7. Be3 Bg7 8. h3 0-0 9. Qd2 Nc6 10. Be2 Bf5 11. 0-0 Rad8 12. Rad1 Rfe8 13. Bf4 Qd7 14. d5 Nb8 15. Ne5 Qc8 16. Qe3 Nbd7 17. Qg3 Nc5 18. Bf3 h6 19. b4 Ncd7 20. Ng4 Nh5 21. Nxh6+ Bxh6 22. Bxh5 Bg7 23. Be2 e5 24. dxe6 Rxe6 25. Bg4 Bxg4 26. hxg4 c6 27. Rfe1 Rde8 28. Kf1 Rxe1+ 29. Rxe1 Rxe1+ 30. Kxe1 Nf6 31. Be3 Qxg4 32. Qxg4 Nxg4 33. Ne4 b5 34. cxb5 axb5 35. Bc5 Nf6 36. Nd6 Nd5 37. Nb7 Bc3+ 38. Ke2 Bxb4 39. Bxb4 Nxb4 40. a3 Nc2 41. Na5 c5 42. Nb3 c4 43. Na1 Nxa1 0-1

[Event "Canarias-ch U16"]
[Site "San Bartolome de Tirajana"]
[Date "2015.04.11"]
[Round "5"]
[White "Guerra Arrocha, Daniel"]
[Black "Rodriguez Mellado, Antonio"]
[Result "1/2-1/2"]
[WhiteElo "1969"]
[BlackElo "1953"]
[PlyCount "41"]
[EventDate "2015.04.10"]
[EventType "swiss"]
[EventRounds "7"]
[EventCountry "ESP"]
[SourceTitle "EXT 2024"]
[Source "ChessBase"]
[SourceDate "2023.10.10"]
[SourceVersion "1"]
[SourceVersionDate "2023.10.10"]
[SourceQuality "1"]

1. e4 d5 2. exd5 Qxd5 3. Nc3 Qd6 4. d4 Nf6 5. Nf3 g6 6. Bd3 Bg7 7. 0-0 0-0 8. Ne4 Nxe4 9. Bxe4 Nd7 10. c3 Nf6 11. Bc2 b6 12. Re1 Bb7 13. Qe2 Rfe8 14. Ba4 c6 15. Ne5 b5 16. Bb3 e6 17. Qf3 Qc7 18. Ng4 Nxg4 19. Qxg4 c5 20. Bf4 Qc6 21. Be5 1/2-1/2

[Event "Gran Canaria-ch U16"]
[Site "Gran Canaria"]
[Date "2015.03.04"]
[Round "3.1"]
[White "Cruz Ramirez, Nauzet"]
[Black "Rodriguez Mellado, Antonio"]
[Result "1/2-1/2"]
[WhiteElo "1532"]
[BlackElo "1530"]
[PlyCount "25"]
[EventDate "2015.03.02"]
[EventType "swiss"]
[EventRounds "4"]
[EventCountry "ESP"]
[SourceTitle "EXT 2024"]
[Source "ChessBase"]
[SourceDate "2023.10.10"]
[SourceVersion "1"]
[SourceVersionDate "2023.10.10"]
[SourceQuality "1"]

1. d4 d5 2. c4 Nf6 3. Nc3 Bf5 4. cxd5 Nxd5 5. Nf3 g6 6. g3 Nxc3 7. bxc3 Bg7 8. Bg2 0-0 9. 0-0 Nd7 10. Re1 Nf6 11. Qb3 Be4 12. Nh4 Bxg2 13. Nxg2 1/2-1/2

[Event "Las Palmas Insular-chT Pref-B"]
[Site "Las Palmas"]
[Date "2015.01.24"]
[Round "5.1"]
[White "Garcia Caballero, Luis"]
[Black "Rodriguez Mellado, Antonio"]
[Result "1/2-1/2"]
[WhiteElo "1813"]
[BlackElo "1953"]
[PlyCount "133"]
[EventDate "2014.11.22"]
[EventType "team-tourn"]
[EventRounds "14"]
[EventCountry "ESP"]
[SourceTitle "EXT 2016"]
[Source "ChessBase"]
[SourceDate "2015.10.08"]
[SourceVersion "1"]
[SourceVersionDate "2015.10.08"]
[SourceQuality "1"]
[WhiteTeam "Villa de Teror Goya III"]
[BlackTeam "La Caja de Vecindario II"]
[WhiteTeamCountry "ESP"]
[BlackTeamCountry "ESP"]

1. e4 e5 2. Nf3 Nc6 3. Bb5 Bc5 4. 0-0 Nd4 5. Nxd4 exd4 6. c3 c6 7. Bc4 d6 8. a4 a5 9. b4 Bb6 10. Bb2 Qg5 11. bxa5 Rxa5 12. cxd4 Bg4 13. Qb3 Bc7 14. Bxf7+ Kf8 15. f4 Qh4 16. Qxb7 Qd8 17. Bxg8 Rxg8 18. Qxc6 Rh5 19. Ra3 Bd7 20. Qc4 d5 21. Qe2 Qh4 22. g3 Bg4 23. Qg2 Qd8 24. Nc3 dxe4 25. Nxe4 Qd5 26. Re3 Bd7 27. Ba3+ Kf7 28. Nc3 Qf5 29. d5 Kg6 30. Re7 h6 31. d6 Bd8 32. Re5 Qh3 33. Rxh5 Qxh5 34. Qf3 Bb6+ 35. Kh1 Qxf3+ 36. Rxf3 Bc6 37. Kg2 Re8 38. d3 Bxf3+ 39. Kxf3 Re3+ 40. Kg2 Rxd3 41. Nb5 Kf5 42. Bb4 g5 43. fxg5 hxg5 44. Bc3 Bc5 45. a5 Bxd6 46. a6 Bc5 47. h3 Re3 48. g4+ Kg6 49. Ba5 Re2+ 50. Kf3 Ra2 51. Bd8 Rxa6 52. h4 gxh4 53. Bxh4 Ra4 54. Nc7 Ra3+ 55. Ke4 Rh3 56. Bd8 Bb6 57. Kd5 Rd3+ 58. Kc6 Rxd8 59. Kxb6 Rd4 60. g5 Re4 61. Kc5 Kxg5 62. Nd5 Re1 63. Kd6 Kf5 64. Ne7+ Ke4 65. Nc6 Rd1+ 66. Kc5 Rd5+ 67. Kc4 1/2-1/2

[Event "Las Palmas Insular-chT Pref-B"]
[Site "Las Palmas"]
[Date "2014.11.22"]
[Round "1.1"]
[White "Rodriguez Mellado, Antonio"]
[Black "Roca Marrero, Fernando"]
[Result "1-0"]
[WhiteElo "1953"]
[BlackElo "1441"]
[PlyCount "69"]
[EventDate "2014.11.22"]
[EventType "team-tourn"]
[EventRounds "14"]
[EventCountry "ESP"]
[SourceTitle "EXT 2016"]
[Source "ChessBase"]
[SourceDate "2015.10.08"]
[SourceVersion "1"]
[SourceVersionDate "2015.10.08"]
[SourceQuality "1"]
[WhiteTeam "La Caja de Vecindario II"]
[BlackTeam "Pulido San Mateo II"]
[WhiteTeamCountry "ESP"]
[BlackTeamCountry "ESP"]

1. e4 g6 2. Nf3 Bg7 3. Bc4 e6 4. 0-0 b6 5. d4 Bb7 6. Re1 Ne7 7. Bg5 h6 8. Bh4 0-0 9. Bb3 d6 10. c3 Nd7 11. Nbd2 g5 12. Bg3 c5 13. Bxd6 Nf6 14. e5 Ne8 15. dxc5 bxc5 16. Bxc5 Qc7 17. Ba3 Rd8 18. Qe2 Rd7 19. Rad1 Qc6 20. Ne4 Rxd1 21. Bxd1 Ba6 22. Qd2 Qc7 23. Qd4 f6 24. exf6 Nxf6 25. Nxf6+ Bxf6 26. Qe4 Bb7 27. Qxe6+ Rf7 28. Bb3 Bd5 29. Bxd5 Nxd5 30. Qxd5 Kg7 31. Nd4 Bxd4 32. Qxd4+ Kh7 33. Qe4+ Kg7 34. Qe5+ Qxe5 35. Rxe5 1-0

[Event "Las Palmas Cabildo Trophy"]
[Site "Las Palmas"]
[Date "2014.05.06"]
[Round "6.1"]
[White "Garcia Blanco, Omar"]
[Black "Rodriguez Mellado, Antonio"]
[Result "1-0"]
[WhiteElo "2302"]
[BlackElo "1874"]
[PlyCount "39"]
[EventDate "2014.04.08"]
[EventType "swiss"]
[EventRounds "7"]
[EventCountry "ESP"]
[SourceTitle "EXT 2024"]
[Source "ChessBase"]
[SourceDate "2023.10.10"]
[SourceVersion "1"]
[SourceVersionDate "2023.10.10"]
[SourceQuality "1"]

1. e4 e5 2. Nc3 Nf6 3. f4 d6 4. Nf3 Bg4 5. d4 exd4 6. Qxd4 Bxf3 7. gxf3 Nc6 8. Bb5 Qd7 9. Qa4 a6 10. Be3 Kd8 11. e5 Ne8 12. 0-0-0 Rb8 13. Bf1 f6 14. Ne4 Nxe5 15. Qb3 Nc6 16. Nc5 Qf5 17. Bd3 Qc8 18. Qf7 Ne7 19. Ne6+ Kd7 20. Bf5 1-0

[Event "Las Palmas Cabildo Trophy"]
[Site "Las Palmas"]
[Date "2014.04.11"]
[Round "2.3"]
[White "Rodriguez Mellado, Antonio"]
[Black "Vega Gutierrez, Sabrina Neide"]
[Result "0-1"]
[WhiteElo "1874"]
[BlackElo "2392"]
[PlyCount "38"]
[EventDate "2014.04.08"]
[EventType "swiss"]
[EventRounds "7"]
[EventCountry "ESP"]
[SourceTitle "EXT 2024"]
[Source "ChessBase"]
[SourceDate "2023.10.10"]
[SourceVersion "1"]
[SourceVersionDate "2023.10.10"]
[SourceQuality "1"]

1. e4 c5 2. Nf3 Nc6 3. c3 Nf6 4. Bd3 g6 5. 0-0 Bg7 6. Bc2 0-0 7. a3 e5 8. d4 cxd4 9. cxd4 exd4 10. Nxd4 Nxd4 11. Qxd4 Re8 12. e5 Nh5 13. f4 d6 14. Ba4 dxe5 15. Qc5 exf4 16. Kh1 Re5 17. Qc4 Ng3+ 18. hxg3 Rh5+ 19. Kg1 Qd4+ 0-1

[Event "Gran Canaria-ch U16"]
[Site "Gran Canaria"]
[Date "2014.03.26"]
[Round "3.3"]
[White "Manchon Santana, Alberto"]
[Black "Rodriguez Mellado, Antonio"]
[Result "1-0"]
[WhiteElo "1486"]
[BlackElo "1498"]
[PlyCount "71"]
[EventDate "2014.03.21"]
[EventType "swiss"]
[EventRounds "4"]
[EventCountry "ESP"]
[SourceTitle "EXT 2024"]
[Source "ChessBase"]
[SourceDate "2023.10.10"]
[SourceVersion "1"]
[SourceVersionDate "2023.10.10"]
[SourceQuality "1"]

1. d4 Nf6 2. c4 g6 3. Nc3 d5 4. cxd5 Nxd5 5. e4 Nxc3 6. bxc3 Bg7 7. Bc4 c5 8. Ne2 Nc6 9. Be3 Bg4 10. f3 Bd7 11. 0-0 0-0 12. Qd2 Qa5 13. Rfd1 Rfd8 14. Rab1 cxd4 15. cxd4 Qc7 16. Rdc1 Bc8 17. d5 Ne5 18. Bb3 Qd6 19. f4 Ng4 20. Bd4 Bxd4+ 21. Qxd4 e5 22. Qc5 Qf6 23. Rf1 exf4 24. Rxf4 Qe5 25. Qd4 Qd6 26. h3 Ne5 27. Rbf1 Bd7 28. Rf6 Qe7 29. d6 Qe8 30. Rxf7 Nxf7 31. Qf6 Be6 32. Bxe6 Rd7 33. e5 Rad8 34. Bxd7 Rxd7 35. e6 Nxd6 36. exd7 1-0